अष्टपैलू आचार्य अत्रे (Record no. 368830)

MARC details
000 -LEADER
fixed length control field 00356nam a2200133Ia 4500
005 - DATE AND TIME OF LATEST TRANSACTION
control field 20251013221656.0
008 - FIXED-LENGTH DATA ELEMENTS--GENERAL INFORMATION
fixed length control field 251010s9999 xx 000 0 und d
041 ## - LANGUAGE CODE
Language code of text/sound track or separate title mar
100 ## - MAIN ENTRY--PERSONAL NAME
Personal name गडकरी मा.
9 (RLIN) 214538
245 ## - TITLE STATEMENT
Title अष्टपैलू आचार्य अत्रे
250 ## - EDITION STATEMENT
Edition statement 1ST
260 ## - PUBLICATION, DISTRIBUTION, ETC. (IMPRINT)
Name of publisher, distributor, etc. Shreevidya
Date of publication, distribution, etc. 1997
300 ## - PHYSICAL DESCRIPTION
Extent 72
Holdings
Withdrawn status Lost status Damaged status Not for loan Home library Current library Date acquired Cost, normal purchase price Bill number Total Checkouts Barcode Date last seen Bill Date Koha item type Original Barcode
        Shri Siddhivinayak Mahila Mahavidyalaya Shri Siddhivinayak Mahila Mahavidyalaya 16/05/2014 50.00 282   SSMM-ABK-010000834 13/10/2025 12/02/1997 Books ABK010000834